000 00954nam a2200289 a 4500
001
003 DO-SdBNP
005 20211227125650.0
008 100915s2016 dr ac 000 0 spa d
020 _a9789945886368
040 _aDO-SdBNP
_bspa
_cBPMSU
082 _a972.93053
_bB171p 2016
_222
100 1 _a Balaguer, Joaquín,
_d1906-2002
_92
245 1 3 _aLa palabra encadenada /
_cJoaquín Balaguer.
250 _a4a. ed.
260 _aSanto Domingo :
_bRobiou,
_c2016
300 _a420 p. :
_bil., retr. ;
_c25 cm.
490 0 _aDiscursos
_v4
500 _aIncluye referencias bibliográficas y notas al pie de las páginas.
500 _a
590 _6Inventariado, 2021/VM
600 1 0 _aBalaguer, Joaquín,
_d1906-2002
_xEnsayos, conferencias, etc.
651 1 4 _aRepública Dominicana
_xHistoria
_yEra de Trujillo, 1930-1961
651 4 _aRepública Dominicana
_xPolítica y gobierno
_y1930-1961
910 _aVMateo V.
942 _2ddc
_cBK
999 _c13925
_d13925